Mikroekonomie pro bakalářské studium : cvičebnice /

Hlavní autor: Dohnalová, Zuzana, 1966-
Korporativní autor: Univerzita Tomáše Bati ve Zlíně. Fakulta managementu a ekonomiky
Další autoři: Dobeš, Kamil, 1978-
Jazyk: Čeština
Vydáno: Zlín : Univerzita Tomáše Bati ve Zlíně, 2010
Vydání: Vyd. 5., upr.
Témata:
Fyzický popis: 89 s. : il. ; 30 cm
Knihy
Uloženo v:
LEADER 01712nam a2200421 a 4500
001 nkc20102133016
003 CZ PrNK
005 20111115120103.0
007 ta
008 101021s2010 xr a e p 000 0 cze
015 |a cnb002133016 
020 |a 978-80-7318-977-8  |q (brož.) 
035 |a (OCoLC)697266583 
040 |a OLA001  |b cze 
072 7 |a 33  |x Ekonomie  |2 Konspekt  |9 4 
072 7 |a 37.016  |x Učební osnovy. Vyučovací předměty. Učebnice  |2 Konspekt  |9 22 
080 |a 330.101.542  |2 MRF 
080 |a (075.8)  |2 MRF 
100 1 |a Dohnalová, Zuzana,  |d 1966-  |7 mzk2003169996  |4 aut 
245 1 0 |a Mikroekonomie pro bakalářské studium :  |b cvičebnice /  |c Zuzana Dohnalová, Kamil Dobeš 
250 |a Vyd. 5., upr. 
260 |a Zlín :  |b Univerzita Tomáše Bati ve Zlíně,  |c 2010 
300 |a 89 s. :  |b il. ;  |c 30 cm 
500 |a Nad názvem: Univerzita Tomáše Bati ve Zlíně, Fakulta managementu a ekonomiky 
500 |a 200 výt., dotisk v r. 2011, 300 výt. 
504 |a Obsahuje bibliografii 
650 0 7 |a mikroekonomie  |7 ph115305  |x úlohy  |2 czenas 
650 0 9 |a microeconomics  |x problems, exercises, etc.  |2 eczenas 
655 7 |a učebnice vysokých škol  |7 fd133772  |2 czenas 
655 9 |a textbooks (higher)  |2 eczenas 
700 1 |a Dobeš, Kamil,  |d 1978-  |7 mzk2003213147  |4 aut 
710 2 |a Univerzita Tomáše Bati ve Zlíně.  |b Fakulta managementu a ekonomiky  |7 kn20010709196 
910 2 |a BOA001  |b 4-1252.913 
990 |a BK 
995 |a 01 
991 |b 201012  |c NOV  |e n 
996 6 |b 2610453801  |c 4-1252.913  |l MZK  |r Sklad / do 1 hodiny  |n 1  |p p.v.  |w 001157512  |u 000010  |a 1  |e BOA001  |j MZK50  |s P 
996 7 |b 2610493628  |c 4-1252.913  |l MZK  |r Sklad / do 1 hodiny  |n 10  |p p.v.  |w 001157512  |u 000020  |a 1  |e BOA001  |j MZK50  |s A